| 000 | 00541nam a2200133Ia 4500 | ||
|---|---|---|---|
| 999 |
_c18882 _d18882 |
||
| 082 | _aRB.0243 | ||
| 100 |
_aBhargav, Prabha _uRajkiya dungour Mahavidalya |
||
| 245 | 0 |
_aराजस्थान में सामाजिक न्याय _b: लोकहितवाद का अध्ययन 2003-2005 |
|
| 246 | _aRajasthan mein samajik nyaya: lokhitvad ka adhyayan 2003-2005 | ||
| 260 |
_c2003 _bIndian Council of Social Science Research _a New Delhi |
||
| 300 | _a88 | ||
| 650 |
_aSocial justice _zRajasthan |
||
| 942 |
_cRP _2ddc |
||